[Event "Abu Dhabi op 23rd"]
[Site "Abu Dhabi"]
[Date "2015.08.30"]
[Round "8"]
[White "Khouri, Ibrahim Mohamed"]
[Black "Firouzja, Alireza"]
[Result "0-1"]
[WhiteElo "2205"]
[BlackElo "2309"]
[PlyCount "60"]
[EventDate "2015.08.23"]
[EventType "swiss"]
[EventRounds "9"]
[EventCountry "UAE"]
[SourceTitle "EXT 2016"]
[Source "ChessBase"]
[SourceDate "2015.10.08"]
[SourceVersion "1"]
[SourceVersionDate "2015.10.08"]
[SourceQuality "1"]

1. e4 c5 2. Nf3 d6 3. d4 cxd4 4. Nxd4 Nf6 5. Nc3 a6 6. h3 e6 7. g4 d5 8. exd5 Nxd5 9. Nde2 Bb4 10. Bg2 0-0 11. 0-0 Nxc3 12. Nxc3 Qc7 13. Qf3 Nd7 14. Bf4 Ne5 15. Qe4 Bd6 16. Rad1 Nf3+ 17. Bxf3 Bxf4 18. Rd4 Be5 19. Rc4 Qb8 20. Re1 f6 21. Rd1 Ra7 22. a4 b6 23. Qe3 Raf7 24. Bg2 f5 25. gxf5 Rxf5 26. Ne4 Bb7 27. Rd7 Bd5 28. Rb4 Qe8 29. Ra7 Qg6 30. c4 Rxf2 0-1

[Event "Abu Dhabi op 22nd"]
[Site "Abu Dhabi"]
[Date "2014.08.20"]
[Round "1"]
[White "Iordachescu, Viorel"]
[Black "Khouri, Ibrahim Mohamed"]
[Result "1-0"]
[WhiteElo "2589"]
[BlackElo "2225"]
[PlyCount "99"]
[EventDate "2014.08.20"]
[EventType "swiss"]
[EventRounds "9"]
[EventCountry "UAE"]
[SourceTitle "CBM 162 Extra"]
[Source "ChessBase"]
[SourceDate "2014.10.17"]
[SourceVersion "1"]
[SourceVersionDate "2014.10.17"]
[SourceQuality "1"]

1. e4 e5 2. Nf3 Nc6 3. Bb5 a6 4. Ba4 Nf6 5. 0-0 Be7 6. Re1 b5 7. Bb3 d6 8. c3 0-0 9. h3 Nb8 10. d4 Nbd7 11. Nbd2 Bb7 12. Bc2 Re8 13. a4 Bf8 14. Bd3 c6 15. Qc2 Qc7 16. b4 Nb6 17. a5 Nbd7 18. Bb2 Rac8 19. Qb1 g6 20. c4 Bg7 21. dxe5 dxe5 22. Qa2 Nh5 23. Rac1 Nf4 24. Bf1 Qd6 25. c5 Qe7 26. g3 Qe6 27. Nc4 bxc4 28. gxf4 exf4 29. e5 Nf8 30. Qxc4 Qxc4 31. Bxc4 Ne6 32. Rcd1 Rcd8 33. Bc1 Bc8 34. Kg2 g5 35. Bb2 h6 36. Nd2 Nc7 37. Ne4 Be6 38. Bxe6 Nxe6 39. Rd6 Rb8 40. Bc3 Rec8 41. Red1 Bf8 42. Rd7 Rd8 43. R1d2 Rxd7 44. Rxd7 Rd8 45. Ra7 Rd3 46. Rxa6 Nc7 47. Rxc6 Nb5 48. Be1 Nd4 49. Rc8 Nf3 50. Kf1 1-0

[Event "Olympiad-41"]
[Site "Tromsoe"]
[Date "2014.08.08"]
[Round "6.4"]
[White "Salinas Herrera, Pablo Patricio"]
[Black "Khouri, Ibrahim Mohamed"]
[Result "1-0"]
[WhiteElo "2398"]
[BlackElo "2225"]
[PlyCount "55"]
[EventDate "2014.08.02"]
[EventType "team-swiss"]
[EventRounds "11"]
[EventCountry "NOR"]
[SourceTitle "CBM 162"]
[Source "ChessBase"]
[SourceDate "2014.09.17"]
[SourceVersion "1"]
[SourceVersionDate "2014.09.17"]
[SourceQuality "1"]
[WhiteTeam "Chile"]
[BlackTeam "United Arab Emirates"]
[WhiteTeamCountry "CHI"]
[BlackTeamCountry "UAE"]

1. e4 e5 2. Nf3 Nc6 3. Bb5 a6 4. Ba4 Nf6 5. 0-0 Be7 6. d3 b5 7. Bb3 d6 8. a3 0-0 9. Nc3 Na5 10. Ba2 c5 11. Nd5 Nc6 12. c3 h6 13. Re1 Bb7 14. b4 Re8 15. Nxe7+ Qxe7 16. Nh4 Bc8 17. Qf3 a5 18. bxc5 dxc5 19. Nf5 Bxf5 20. Qxf5 Rad8 21. Bxh6 gxh6 22. Qg6+ Kh8 23. Qxh6+ Nh7 24. Qxc6 Rg8 25. Re3 Qg5 26. g3 Nf6 27. Rf3 Ng4 28. Rf5 1-0

[Event "Asia Clubs"]
[Site "Al Ain"]
[Date "2014.06.28"]
[Round "7.3"]
[White "Khouri, Ibrahim Mohamed"]
[Black "Kunte, Abhijit"]
[Result "1/2-1/2"]
[WhiteElo "2232"]
[BlackElo "2482"]
[PlyCount "56"]
[EventDate "2014.06.21"]
[EventType "team-tourn"]
[EventRounds "7"]
[EventCountry "UAE"]
[SourceTitle "CBM 161 Extra"]
[Source "ChessBase"]
[SourceDate "2014.08.29"]
[SourceVersion "1"]
[SourceVersionDate "2014.08.29"]
[SourceQuality "1"]
[WhiteTeam "Al Ain"]
[BlackTeam "India PSPB"]
[WhiteTeamCountry "UAE"]
[BlackTeamCountry "IND"]

1. e4 c5 2. Nf3 e6 3. d4 cxd4 4. Nxd4 Nc6 5. Nc3 Qc7 6. Be2 a6 7. 0-0 Nf6 8. Be3 Be7 9. f4 d6 10. Qe1 0-0 11. Qg3 Bd7 12. Rae1 b5 13. a3 Rae8 14. Bd3 Nxd4 15. Bxd4 Bc6 16. e5 dxe5 17. Bxe5 Qb6+ 18. Kh1 g6 19. Qg5 Nh5 20. Qg4 Ng7 21. Ne2 Nf5 22. Bxf5 exf5 23. Qh3 Be4 24. c3 Bc5 25. Bd4 Re7 26. Qh4 Rfe8 27. Qf2 Bxd4 28. Nxd4 Qb7 1/2-1/2

[Event "Asia Clubs"]
[Site "Al Ain"]
[Date "2014.06.24"]
[Round "4.3"]
[White "Zelesco, Karl"]
[Black "Khouri, Ibrahim Mohamed"]
[Result "1-0"]
[WhiteElo "2274"]
[BlackElo "2232"]
[PlyCount "111"]
[EventDate "2014.06.21"]
[EventType "team-tourn"]
[EventRounds "7"]
[EventCountry "UAE"]
[SourceTitle "CBM 161 Extra"]
[Source "ChessBase"]
[SourceDate "2014.08.29"]
[SourceVersion "1"]
[SourceVersionDate "2014.08.29"]
[SourceQuality "1"]
[WhiteTeam "Western Sydney"]
[BlackTeam "Al Ain"]
[WhiteTeamCountry "AUS"]
[BlackTeamCountry "UAE"]

1. d4 Nf6 2. c4 e6 3. Nc3 Bb4 4. e3 0-0 5. Nge2 Re8 6. a3 Bf8 7. d5 d6 8. e4 exd5 9. exd5 Bf5 10. h3 Nbd7 11. Be3 Rxe3 12. fxe3 Qe7 13. Qd4 Nc5 14. Ng3 Bg6 15. Rd1 Nb3 16. Qf4 Bc2 17. Bd3 Bxd1 18. Nf5 Qe5 19. Qxe5 dxe5 20. Kxd1 g6 21. Ng3 Nd7 22. Bc2 Na5 23. Bd3 Nc5 24. Be2 Nab3 25. Kc2 f5 26. Re1 Bh6 27. Bd1 e4 28. Re2 Na5 29. b4 Nxc4 30. bxc5 Nxe3+ 31. Kb2 Nxd1+ 32. Nxd1 Rd8 33. Nc3 Bf8 34. Rc2 Bxc5 35. Nge2 Bd6 36. Kb3 Be5 37. Rd2 c6 38. Rd1 Kf7 39. a4 Rc8 40. dxc6 Rxc6 41. Rd7+ Ke6 42. Rxb7 e3 43. Rxa7 f4 44. Ra8 Rb6+ 45. Kc2 Rd6 46. Re8+ Kf5 47. Rf8+ Ke6 48. a5 Rd2+ 49. Kc1 g5 50. a6 Rd7 51. Nb5 Rd5 52. a7 Rc5+ 53. Kd1 Rd5+ 54. Nbd4+ Bxd4 55. Nxd4+ Rxd4+ 56. Ke1 1-0

[Event "Arab Clubs-chT"]
[Site "Marrakesh"]
[Date "2014.05.25"]
[Round "2"]
[White "Khouri, Ibrahim Mohamed"]
[Black "Tissir, Mohamed"]
[Result "1/2-1/2"]
[WhiteElo "2229"]
[BlackElo "2380"]
[PlyCount "84"]
[EventDate "2014.05.24"]
[EventType "team-swiss"]
[EventRounds "9"]
[EventCountry "MAR"]
[SourceTitle "EXT 2018"]
[Source "ChessBase"]
[SourceDate "2017.10.13"]
[SourceVersion "1"]
[SourceVersionDate "2017.10.13"]
[SourceQuality "1"]
[WhiteTeam "Abu Dhabi"]
[BlackTeam "Raja"]
[WhiteTeamCountry "UAE"]
[BlackTeamCountry "MAR"]

1. e4 c5 2. Nf3 e6 3. d4 cxd4 4. Nxd4 a6 5. Bd3 Bc5 6. Nb3 Be7 7. c4 d6 8. Nc3 Nd7 9. 0-0 Qc7 10. Qe2 Ngf6 11. Be3 b6 12. f4 g6 13. Kh1 Bb7 14. a4 Nc5 15. Nd2 Nxd3 16. Qxd3 0-0 17. a5 bxa5 18. Nb3 Rab8 19. Nxa5 Ba8 20. Rfb1 Rfd8 21. Bd4 Rb4 22. Qe2 Nh5 23. Qf2 Bf6 24. Bxf6 Nxf6 25. Qd4 Nh5 26. Qd2 Rdb8 27. b3 d5 28. exd5 exd5 29. Nxd5 Bxd5 30. cxd5 Rxf4 31. Nc6 Rh4 32. h3 Rc8 33. Re1 Re4 34. Rxe4 Ng3+ 35. Kg1 Nxe4 36. Qd4 f5 37. b4 Re8 38. Re1 Qg3 39. Qe3 Qd6 40. Qd4 Qg3 41. Qe3 Qd6 42. Qd4 Qg3 1/2-1/2

[Event "Arab-ch"]
[Site "Abu Dhabi"]
[Date "2013.12.15"]
[Round "9"]
[White "Khader, Sami"]
[Black "Khouri, Ibrahim Mohamed"]
[Result "1-0"]
[WhiteElo "2378"]
[BlackElo "2223"]
[PlyCount "41"]
[EventDate "2013.12.08"]
[EventType "swiss"]
[EventRounds "9"]
[EventCountry "UAE"]
[SourceTitle "CBM 157 Extra"]
[Source "ChessBase"]
[SourceDate "2013.12.19"]
[SourceVersion "1"]
[SourceVersionDate "2013.12.19"]
[SourceQuality "1"]

1. d4 Nf6 2. c4 e6 3. Nf3 b6 4. a3 Bb7 5. Nc3 d5 6. cxd5 exd5 7. Bf4 Bd6 8. Bxd6 Qxd6 9. e3 0-0 10. Bd3 a6 11. Qc2 Nbd7 12. g4 g6 13. h4 Nxg4 14. h5 Kg7 15. 0-0-0 f5 16. hxg6 hxg6 17. Nh4 Qe6 18. Rdg1 c5 19. Nxg6 Qxg6 20. f3 c4 21. Rxg4 1-0

[Event "Arab-ch"]
[Site "Abu Dhabi"]
[Date "2013.12.11"]
[Round "4"]
[White "Khouri, Ibrahim Mohamed"]
[Black "Al Modiahki, Mohamad"]
[Result "1/2-1/2"]
[WhiteElo "2223"]
[BlackElo "2571"]
[PlyCount "118"]
[EventDate "2013.12.08"]
[EventType "swiss"]
[EventRounds "9"]
[EventCountry "UAE"]
[SourceTitle "CBM 157 Extra"]
[Source "ChessBase"]
[SourceDate "2013.12.19"]
[SourceVersion "1"]
[SourceVersionDate "2013.12.19"]
[SourceQuality "1"]

1. e4 c5 2. Nf3 Nc6 3. d4 cxd4 4. Nxd4 g6 5. Nc3 Bg7 6. Be3 Nf6 7. Bc4 0-0 8. Bb3 d6 9. h3 Bd7 10. 0-0 Nxd4 11. Bxd4 Bc6 12. Qd3 Qa5 13. Nd5 Bxd5 14. exd5 Nd7 15. Bxg7 Kxg7 16. Rfe1 Rfe8 17. Re2 Rac8 18. Rae1 Nf6 19. c3 Rc7 20. Qd4 Qb6 21. Ba4 Qxd4 22. cxd4 Rec8 23. Rxe7 Nxd5 24. Rxc7 Rxc7 25. Bb3 Ne7 26. Kf1 Nc6 27. Rc1 Re7 28. Rd1 f5 29. Bd5 Nb4 30. Bf3 Nxa2 31. Ra1 Nb4 32. Rxa7 d5 33. Ra4 Nd3 34. g3 Re1+ 35. Kg2 Rb1 36. Bxd5 Rxb2 37. Ra2 Ne1+ 38. Kf1 Rxa2 39. Bxa2 Nc2 40. d5 Kf6 41. d6 Nd4 42. Bd5 b6 43. f4 h6 44. h4 Nb5 45. d7 Ke7 46. Bf7 Kxd7 47. Bxg6 Nd6 48. Kf2 Ke6 49. Ke3 b5 50. Bh5 Kd5 51. g4 fxg4 52. Bxg4 b4 53. Kd3 Ne8 54. Bh5 Nd6 55. Bg4 Kc5 56. Be6 Nb5 57. Ke4 Nd4 58. Bf7 b3 59. Bxb3 Nxb3 1/2-1/2

[Event "Calvia Amateur op 10th"]
[Site "Calvia"]
[Date "2013.10.09"]
[Round "5"]
[White "Sorm, Daniel"]
[Black "Khouri, Ibrahim Mohamed"]
[Result "1/2-1/2"]
[WhiteElo "2310"]
[BlackElo "2223"]
[PlyCount "88"]
[EventDate "2013.10.05"]
[EventType "swiss"]
[EventRounds "9"]
[EventCountry "ESP"]
[SourceTitle "EXT 2014"]
[Source "ChessBase"]
[SourceDate "2013.11.20"]
[SourceVersion "1"]
[SourceVersionDate "2013.11.20"]
[SourceQuality "1"]

1. d4 Nf6 2. c4 e6 3. Nc3 Bb4 4. e3 d5 5. Bd3 0-0 6. cxd5 exd5 7. Nge2 Re8 8. 0-0 c6 9. Bd2 Bd6 10. Rc1 Ne4 11. Bxe4 dxe4 12. Ng3 Qh4 13. f3 exf3 14. Qxf3 Be6 15. e4 Nd7 16. Bf4 Bxf4 17. Qxf4 Qxf4 18. Rxf4 Nf6 19. e5 Nd5 20. Nxd5 Bxd5 21. a3 g6 22. Ne2 Rad8 23. Kf2 Kg7 24. g4 a5 25. Rf6 Bb3 26. Ke3 a4 27. Ng3 Be6 28. h3 Rd5 29. Ne4 Red8 30. Nc5 Rxd4 31. Rxe6 b6 32. Rxc6 bxc5 33. Rc3 Rb8 34. R6xc5 Rd1 35. Ra5 Rxb2 36. Rxa4 Re1+ 37. Kf4 Rf2+ 38. Rf3 Rxf3+ 39. Kxf3 Rxe5 40. Ra7 Rb5 41. h4 Rb3+ 42. Kg2 Rb2+ 43. Kg3 Rb3+ 44. Kg2 Rb2+ 1/2-1/2

[Event "Incheon op 4th"]
[Site "Incheon"]
[Date "2013.07.01"]
[Round "2"]
[White "Li, Hui"]
[Black "Khouri, Ibrahim Mohamed"]
[Result "1/2-1/2"]
[WhiteElo "1947"]
[BlackElo "2236"]
[PlyCount "35"]
[EventDate "2013.06.30"]
[EventType "swiss"]
[EventRounds "7"]
[EventCountry "KOR"]
[SourceTitle "CBM 155 Extra"]
[Source "ChessBase"]
[SourceDate "2013.08.26"]
[SourceVersion "1"]
[SourceVersionDate "2013.08.26"]
[SourceQuality "1"]

1. e4 e5 2. Nf3 Nc6 3. Bb5 a6 4. Ba4 Nf6 5. 0-0 Be7 6. Re1 b5 7. Bb3 0-0 8. c3 d5 9. exd5 e4 10. dxc6 exf3 11. d4 fxg2 12. Bf4 a5 13. Qf3 a4 14. Bd1 Re8 15. Nd2 Be6 16. Qxg2 a3 17. b3 b4 18. Be5 1/2-1/2

[Event "Olympiad-40"]
[Site "Istanbul"]
[Date "2012.09.05"]
[Round "8.4"]
[White "Khouri, Ibrahim Mohamed"]
[Black "Li, Zuhao Luke"]
[Result "1-0"]
[WhiteElo "2228"]
[BlackElo "2227"]
[PlyCount "67"]
[EventDate "2012.08.28"]
[EventType "team-swiss"]
[EventRounds "11"]
[EventCountry "TUR"]
[SourceTitle "CBM 151"]
[Source "ChessBase"]
[SourceDate "2012.11.13"]
[SourceVersion "1"]
[SourceVersionDate "2012.11.13"]
[SourceQuality "1"]
[WhiteTeam "United Arab Emirates"]
[BlackTeam "New Zealand"]
[WhiteTeamCountry "UAE"]
[BlackTeamCountry "NZL"]

1. e4 e5 2. Nf3 Nc6 3. Bb5 a6 4. Ba4 Nf6 5. d3 b5 6. Bb3 Be7 7. 0-0 0-0 8. a4 Bb7 9. Nc3 b4 10. Ne2 d5 11. exd5 Nxd5 12. Ng3 g6 13. Re1 Bf6 14. Ne4 Bg7 15. Bg5 f6 16. Nc5 Bc8 17. Nxe5 Nxe5 18. Rxe5 c6 19. Rxd5 cxd5 20. Bd2 a5 21. Qf3 Kh8 22. Qxd5 Bf5 23. c3 bxc3 24. Bxc3 Qb6 25. d4 Rfe8 26. Re1 Rxe1+ 27. Bxe1 Re8 28. Bc3 Qc7 29. Qf7 Qc8 30. Bc4 Bc2 31. Ne6 Rg8 32. Nxg7 Rxg7 33. Qxf6 Qxc4 34. d5 1-0

[Event "Paris-ch op-A 87th"]
[Site "Paris"]
[Date "2012.07.12"]
[Round "6"]
[White "Khouri, Ibrahim Mohamed"]
[Black "Pile, Richard"]
[Result "0-1"]
[WhiteElo "2222"]
[BlackElo "2362"]
[PlyCount "66"]
[EventDate "2012.07.07"]
[EventType "swiss"]
[EventRounds "9"]
[EventCountry "FRA"]
[SourceTitle "CBM 149 Extra"]
[Source "ChessBase"]
[SourceDate "2012.08.24"]
[SourceVersion "1"]
[SourceVersionDate "2012.08.24"]
[SourceQuality "1"]

1. e4 c5 2. Nf3 e6 3. d4 cxd4 4. Nxd4 a6 5. Nc3 Qc7 6. Be2 b5 7. 0-0 Bb7 8. Bf3 b4 9. Nce2 Bd6 10. g3 Nf6 11. Qd3 0-0 12. Rd1 Be5 13. Bg2 d5 14. exd5 Bxd5 15. Bxd5 Nxd5 16. Qe4 Nd7 17. f4 Bxd4+ 18. Nxd4 Nc5 19. Qf3 Rfd8 20. Be3 Na4 21. Rab1 Nxe3 22. Qxe3 Qc5 23. Kf2 Rd5 24. Ne2 Qxc2 25. Rbc1 Qxb2 26. Rb1 Rxd1 27. Rxb2 Nxb2 28. Qb3 Rd2 29. f5 exf5 30. Ke1 Rad8 31. Nf4 Rd1+ 32. Ke2 R8d2+ 33. Ke3 Rd3+ 0-1

[Event "UAE President Cup"]
[Site "Abu Dhabi"]
[Date "2012.07.03"]
[Round "7"]
[White "Khouri, Ibrahim Mohamed"]
[Black "Al Huwar, Jasem"]
[Result "0-1"]
[WhiteElo "2222"]
[BlackElo "2270"]
[PlyCount "89"]
[EventDate "2012.06.28"]
[EventType "swiss"]
[EventRounds "9"]
[EventCountry "UAE"]
[SourceTitle "CBM 149 Extra"]
[Source "ChessBase"]
[SourceDate "2012.08.24"]
[SourceVersion "1"]
[SourceVersionDate "2012.08.24"]
[SourceQuality "1"]

1. e4 g6 2. d4 Bg7 3. Nc3 d6 4. Be3 c6 5. Qd2 Nd7 6. h4 h5 7. Nh3 b5 8. Bd3 Qc7 9. Ng5 Nh6 10. f3 a6 11. a4 b4 12. Ne2 c5 13. c3 c4 14. Bc2 b3 15. Bd1 e5 16. 0-0 Nf8 17. d5 f6 18. Nh3 Nd7 19. Ng3 a5 20. f4 Ng4 21. f5 gxf5 22. Nxf5 Nf8 23. Bxg4 hxg4 24. Nf2 Bxf5 25. exf5 g3 26. Ne4 Rxh4 27. Nxg3 Nd7 28. Kf2 Nc5 29. Rh1 Nd3+ 30. Ke2 Rh8 31. Rxh8+ Bxh8 32. Bf2 Qb7 33. Rh1 0-0-0 34. Qe3 Nf4+ 35. Kf1 Qxd5 36. Qa7 Qxg2+ 37. Ke1 Nd3+ 38. Ke2 Qxf2+ 39. Qxf2 Nxf2 40. Kxf2 Kc7 41. Rh7+ Kc6 42. Ra7 Kb6 43. Rf7 d5 44. Ke3 d4+ 45. Ke2 0-1

[Event "Arab Games"]
[Site "Doha"]
[Date "2011.12.17"]
[Round "5"]
[White "Khouri, Ibrahim Mohamed"]
[Black "Ezat, Mohamed Mahmoud"]
[Result "0-1"]
[WhiteElo "2225"]
[BlackElo "2439"]
[PlyCount "96"]
[EventDate "2011.12.13"]
[EventType "team-swiss"]
[EventRounds "9"]
[EventCountry "QAT"]
[SourceTitle "CBM 145 Extra"]
[Source "ChessBase"]
[SourceDate "2012.01.03"]
[SourceVersion "1"]
[SourceVersionDate "2012.01.03"]
[SourceQuality "1"]
[WhiteTeam "United Arab Emirates"]
[BlackTeam "Egypt"]
[WhiteTeamCountry "UAE"]
[BlackTeamCountry "EGY"]

1. e4 g6 2. d4 Bg7 3. Nc3 c6 4. f4 d5 5. e5 h5 6. Be3 Nh6 7. Nf3 Bg4 8. Bf2 Qb6 9. Rb1 Nf5 10. Be2 Bh6 11. Qd2 Nd7 12. h3 Bxf3 13. Bxf3 h4 14. Bg4 Nf8 15. Ne2 Ne6 16. 0-0 Bf8 17. c4 Neg7 18. cxd5 cxd5 19. Rfc1 e6 20. Qc2 Ne7 21. b4 Nc6 22. a3 Be7 23. Nc3 a6 24. Na4 Qa7 25. Nc5 Rc8 26. Qa4 0-0 27. Qd1 Rc7 28. Qe1 Rfc8 29. a4 b6 30. Nd3 a5 31. b5 Nb4 32. Nxb4 axb4 33. Rxc7 Qxc7 34. Be3 Qa7 35. Bd1 Nf5 36. Bf2 Rc4 37. Be2 Qxa4 38. Bxc4 dxc4 39. Ra1 Qxb5 40. Ra8+ Bf8 41. Bxh4 Qd5 42. Rxf8+ Kxf8 43. Qxb4+ Kg8 44. Bf6 Qxd4+ 45. Kh1 Ng3+ 46. Kh2 Ne2 47. Qe1 Qxf4+ 48. Kh1 Qc1 0-1

[Event "Asia zt 3.1"]
[Site "Sharjah"]
[Date "2011.07.07"]
[Round "3"]
[White "Khouri, Ibrahim Mohamed"]
[Black "Khader, Sami"]
[Result "0-1"]
[WhiteElo "2212"]
[BlackElo "2402"]
[PlyCount "70"]
[EventDate "2011.07.05"]
[EventType "swiss"]
[EventRounds "9"]
[EventCountry "UAE"]
[SourceTitle "CBM 143 Extra"]
[Source "ChessBase"]
[SourceDate "2011.08.29"]
[SourceVersion "1"]
[SourceVersionDate "2011.08.29"]
[SourceQuality "1"]

1. e4 e6 2. d4 d5 3. Nc3 Bb4 4. e5 c5 5. Qg4 g6 6. a3 Bxc3+ 7. bxc3 Nc6 8. Nf3 Qa5 9. Bd2 c4 10. Be2 Bd7 11. Qf4 h6 12. h4 Rh7 13. h5 g5 14. Qg3 0-0-0 15. Nh2 f5 16. Qe3 Nge7 17. f4 Rg8 18. Bf3 Qa4 19. Kd1 Kb8 20. g4 Ka8 21. Rg1 Rhg7 22. Qe2 Qa5 23. Kc1 gxf4 24. Kb2 fxg4 25. Rxg4 Nf5 26. Rag1 Rxg4 27. Rxg4 Rc8 28. Ka2 Qa4 29. Qd1 b5 30. Rxf4 b4 31. cxb4 Nfxd4 32. Bc3 Nb5 33. Bb2 Nxb4+ 34. Kb1 Nxa3+ 35. Bxa3 Qxa3 0-1

[Event "Asia zt 3.1"]
[Site "Sharjah"]
[Date "2011.07.05"]
[Round "1"]
[White "Khouri, Ibrahim Mohamed"]
[Black "Salem, AR Saleh"]
[Result "1/2-1/2"]
[WhiteElo "2212"]
[BlackElo "2493"]
[PlyCount "93"]
[EventDate "2011.07.05"]
[EventType "swiss"]
[EventRounds "9"]
[EventCountry "UAE"]
[SourceTitle "CBM 143 Extra"]
[Source "ChessBase"]
[SourceDate "2011.08.29"]
[SourceVersion "1"]
[SourceVersionDate "2011.08.29"]
[SourceQuality "1"]

1. e4 c5 2. Nf3 d6 3. d4 cxd4 4. Nxd4 Nf6 5. Nc3 Nc6 6. Bg5 e6 7. Qd2 a6 8. 0-0-0 Bd7 9. f4 Be7 10. Nxc6 Bxc6 11. Bd3 0-0 12. Kb1 b5 13. Qe3 Qc7 14. Ne2 Bb7 15. h4 Rfc8 16. Bxf6 Bxf6 17. g4 Qc5 18. Qd2 g6 19. g5 Bg7 20. h5 a5 21. Rhf1 d5 22. e5 b4 23. Ng3 a4 24. Qf2 Qc7 25. Ne2 Ba6 26. Qf3 b3 27. cxb3 axb3 28. axb3 Qa5 29. Bxa6 Rxa6 30. Nc3 Rb8 31. Na4 Qb4 32. Qe2 Ra7 33. Rf3 Bf8 34. Rc1 Qa5 35. Qd3 Rab7 36. Qc2 Rb4 37. hxg6 hxg6 38. Rh3 Qb5 39. Rch1 Bg7 40. Qh2 Kf8 41. Rh8+ Ke7 42. Rxb8 Qxb8 43. Qf2 Kf8 44. Rc1 Kg8 45. Nc5 Qa7 46. Qd2 Rb8 47. Qc3 1/2-1/2